[Event "Berlin Radtke Memorial op"]
[Site "Berlin"]
[Date "2023.10.23"]
[Round "1"]
[White "Kracht, Raphael"]
[Black "Reinecke, Katharina"]
[Result "1-0"]
[WhiteElo "2177"]
[BlackElo "1887"]
[PlyCount "71"]
[EventDate "2023.10.23"]
[EventType "swiss"]
[EventRounds "9"]
[EventCountry "GER"]
[SourceTitle "Mega2024 Update 01"]
[Source "Chessbase"]
[SourceDate "2023.11.12"]
[SourceVersion "1"]
[SourceVersionDate "2023.11.12"]
[SourceQuality "1"]

1. e4 c6 2. d3 d5 3. Nd2 e5 4. Ngf3 Bd6 5. d4 exd4 6. exd5 cxd5 7. Bb5+ Bd7 8. Bxd7+ Qxd7 9. 0-0 Ne7 10. Nb3 Nbc6 11. Nbxd4 Rc8 12. Re1 0-0 13. c3 a6 14. Qd3 Nxd4 15. Nxd4 Rfe8 16. Bg5 Ng6 17. Nf3 Nf4 18. Bxf4 Bxf4 19. Rad1 Rxe1+ 20. Rxe1 Rd8 21. g3 Bh6 22. c4 g6 23. cxd5 Bf8 24. Rd1 Qa4 25. a3 b5 26. Ne5 b4 27. axb4 Bxb4 28. Qf3 Rf8 29. d6 Qb5 30. Nc6 Ba5 31. d7 Bd8 32. Qc3 Qg5 33. Qd4 Bf6 34. Qd5 Qxd5 35. Rxd5 Bd8 36. Re5 1-0

[Event "World-chT Rapid"]
[Site "Dusseldorf"]
[Date "2023.08.26"]
[Round "2.15"]
[White "Pak, Alexander"]
[Black "Kracht, Raphael"]
[Result "1-0"]
[WhiteElo "2170"]
[BlackElo "2158"]
[PlyCount "93"]
[EventDate "2023.08.26"]
[EventType "team-swiss (rapid)"]
[EventRounds "12"]
[EventCountry "GER"]
[SourceTitle "CBM 215 Extra"]
[Source "ChessBase"]
[SourceDate "2023.09.30"]
[SourceVersion "1"]
[SourceVersionDate "2023.09.30"]
[SourceQuality "1"]
[WhiteTeam "Lausanne Ecole Polytechnique"]
[BlackTeam "Wensing & Poebel"]
[WhiteTeamCountry "SUI"]
[BlackTeamCountry "GER"]

1. b3 e5 2. Bb2 Nc6 3. c4 Nf6 4. e3 d5 5. cxd5 Nxd5 6. a3 Bd6 7. d3 0-0 8. Nf3 Qe7 9. Nbd2 a5 10. g3 Bg4 11. Bg2 Rad8 12. 0-0 Nb6 13. Qc2 Rfe8 14. Nc4 Nxc4 15. bxc4 Qf6 16. Nd2 Qh6 17. Qb3 Ne7 18. Ne4 Ng6 19. Rfe1 Bf8 20. d4 exd4 21. exd4 Qh5 22. Rac1 b6 23. Qc3 Bh3 24. Bf3 Bg4 25. Bg2 Bh3 26. Bh1 Re7 27. Re3 Rde8 28. Rce1 f5 29. Bf3 Bg4 30. Nd2 Bxf3 31. Nxf3 Qg4 32. d5 Rxe3 33. Rxe3 Re4 34. c5 Rxe3 35. Qxe3 Bxc5 36. Qe6+ Kh8 37. Ne5 Qd1+ 38. Kg2 Nf4+ 39. gxf4 h6 40. Qc8+ Kh7 41. Qxf5+ Kh8 42. Ng6+ Kg8 43. Qe6+ Kh7 44. Qf5 Kg8 45. Nh4 Qd2 46. Qe6+ Kh8 47. Qxh6+ 1-0

[Event "Reykjavik op"]
[Site "Reykjavik"]
[Date "2023.04.01"]
[Round "5"]
[White "Kjartansson, Gudmundur"]
[Black "Kracht, Raphael"]
[Result "1-0"]
[WhiteElo "2402"]
[BlackElo "2145"]
[PlyCount "149"]
[EventDate "2023.03.29"]
[EventType "swiss"]
[EventRounds "9"]
[EventCountry "ISL"]
[SourceTitle "CBM 213 Extra"]
[Source "ChessBase"]
[SourceDate "2023.05.31"]
[SourceVersion "1"]
[SourceVersionDate "2023.05.31"]
[SourceQuality "1"]

1. c4 Nf6 2. Nc3 e6 3. e4 d5 4. cxd5 exd5 5. e5 Ne4 6. Nf3 Bc5 7. d4 Bb4 8. Qc2 c5 9. Bd3 Nc6 10. 0-0 Bg4 11. Nxe4 dxe4 12. Bxe4 Bxf3 13. gxf3 Nxd4 14. Qa4+ Qd7 15. Qxd7+ Kxd7 16. Bxb7 Rab8 17. Bd5 Rhe8 18. f4 f6 19. a3 Ba5 20. b4 Bb6 21. exf6 gxf6 22. Rd1 Ne2+ 23. Kf1 Nc3 24. Rd3 Nxd5 25. Rxd5+ Kc6 26. Rf5 cxb4 27. axb4 Bd4 28. Ra6+ Kb7 29. Rd6 Rbd8 30. Rfd5 Kc7 31. Rxd8 Rxd8 32. Rxd8 Kxd8 33. Be3 Bb6 34. Bxb6+ axb6 35. Ke2 Kd7 36. Kf3 Kc6 37. Kg4 Kb5 38. Kf5 Kxb4 39. Kxf6 Kc3 40. f5 b5 41. Ke5 b4 42. f6 b3 43. f7 b2 44. f8Q b1Q 45. Qc5+ Kd2 46. f4 Qe1+ 47. Kd6 Qh4 48. Qe5 Kd3 49. Kd5 Qd8+ 50. Ke6 Qe8+ 51. Kf6 Qf8+ 52. Kg5 Qg8+ 53. Kh4 Qc4 54. Kg4 Qg8+ 55. Qg5 Qc4 56. Qd8+ Kc2 57. Qe8 Qd4 58. Qe2+ Kb3 59. Qb5+ Kc2 60. Qf5+ Kd2 61. h3 Qg1+ 62. Kh5 Qg3 63. Qg4 Qd3 64. f5 Qd5 65. Qg5+ Kd3 66. f6 Qe6 67. h4 Qd7 68. Kh6 Ke4 69. h5 Kf3 70. Qg7 Qe6 71. Kxh7 Qf5+ 72. Qg6 Qd7+ 73. f7 Kf4 74. Kg8 Qd5 75. h6 1-0

[Event "GER-chT U20"]
[Site "Muenster"]
[Date "2022.12.27"]
[Round "1"]
[White "Kracht, Raphael"]
[Black "Beyer, Lorenz"]
[Result "1-0"]
[WhiteElo "2124"]
[BlackElo "1883"]
[PlyCount "165"]
[EventDate "2022.12.26"]
[EventType "team-swiss"]
[EventRounds "7"]
[EventCountry "GER"]
[SourceTitle "CBM 212 Extra"]
[Source "ChessBase"]
[SourceDate "2023.03.31"]
[SourceVersion "1"]
[SourceVersionDate "2023.03.31"]
[SourceQuality "1"]
[WhiteTeam "Brackel"]
[BlackTeam "Barnim Schachfreunde"]
[WhiteTeamCountry "GER"]
[BlackTeamCountry "GER"]

1. e4 e6 2. d4 d5 3. Nd2 c5 4. exd5 Qxd5 5. Ngf3 cxd4 6. Bc4 Qd6 7. 0-0 Nf6 8. Nb3 Nc6 9. Nbxd4 Nxd4 10. Nxd4 a6 11. Re1 Be7 12. c3 0-0 13. Qf3 Qc7 14. Bd3 Bd6 15. Bg5 Bxh2+ 16. Kh1 Be5 17. Qh3 h5 18. Nf3 Ng4 19. Bh7+ Kxh7 20. Qxh5+ Kg8 21. Qxg4 f5 22. Qh4 Bf6 23. Rad1 Bd7 24. Kg1 Rae8 25. Qh5 Bc6 26. Nh4 Bxg5 27. Qxg5 Rf6 28. Re3 Rh6 29. Rde1 Qf7 30. Nf3 Rg6 31. Qh4 Rg4 32. Qh3 Qf6 33. g3 Bxf3 34. Rxf3 Qg5 35. Rfe3 f4 36. Re5 Qg6 37. Kh2 Kf7 38. R1e2 Re7 39. Kg2 Re8 40. R2e4 Kg8 41. Kf3 Rg5 42. Rxe6 Rxe6 43. Qxe6+ Qxe6 44. Rxe6 fxg3 45. fxg3 Rb5 46. b4 Kf7 47. Rd6 Ke7 48. Rg6 Kf7 49. Rg4 Kf6 50. Ke3 Rd5 51. Rf4+ Ke6 52. Re4+ Kf6 53. Rd4 Rg5 54. g4 Ke6 55. Kf4 Rb5 56. Rc4 g5+ 57. Ke4 Re5+ 58. Kd3 Kd7 59. Re4 Rb5 60. a4 Rb6 61. Re5 Rd6+ 62. Kc4 Rg6 63. a5 Kc6 64. Rc5+ Kd6 65. Kd4 Rg7 66. Rd5+ Ke6 67. Re5+ Kd6 68. Rf5 Rg6 69. c4 Rg7 70. Rf6+ Kc7 71. Kc5 Re7 72. Rf5 Rg7 73. b5 axb5 74. cxb5 b6+ 75. axb6+ Kb7 76. Re5 Kc8 77. Kb4 Kb8 78. Ka5 Kb7 79. Rf5 Ka8 80. Rc5 Kb8 81. Ka6 Rg8 82. b7 Rg6+ 83. Rc6 1-0

[Event "EU-ch Blitz"]
[Site "Katowice"]
[Date "2022.12.16"]
[Round "16"]
[White "Kracht, Raphael"]
[Black "Maltsevskaya, Aleksandra"]
[Result "1-0"]
[WhiteElo "2124"]
[BlackElo "2400"]
[PlyCount "131"]
[EventDate "2022.12.16"]
[EventType "swiss (blitz)"]
[EventRounds "22"]
[EventCountry "POL"]
[SourceTitle "CBM 211 Extra"]
[Source "ChessBase"]
[SourceDate "2023.01.31"]
[SourceVersion "1"]
[SourceVersionDate "2023.01.31"]
[SourceQuality "1"]

1. e4 c5 2. d4 cxd4 3. c3 d3 4. Bxd3 Nc6 5. c4 g6 6. Nc3 Bg7 7. Nf3 d6 8. h3 Nf6 9. 0-0 0-0 10. Qe2 Bd7 11. Be3 Rc8 12. Rac1 a6 13. Rfd1 Be6 14. e5 Nd7 15. exd6 exd6 16. b3 Re8 17. Qd2 Nde5 18. Nxe5 dxe5 19. Be4 Qh4 20. Bg5 Bh6 21. Bxh4 Bxd2 22. Rxd2 Kg7 23. Bxc6 Rxc6 24. f3 b5 25. Nd5 f5 26. c5 a5 27. Bf6+ Kf7 28. Bxe5 Rd8 29. Nb4 Rxc5 30. Rxc5 Rxd2 31. Rc7+ Kg8 32. Nc6 Rxa2 33. Re7 Bxb3 34. Nd4 Bc4 35. Rg7+ Kf8 36. Rxh7 a4 37. Nc6 a3 38. Ra7 f4 39. Bd6+ Ke8 40. Re7+ Kf8 41. Re2+ Kf7 42. Rxa2 Bxa2 43. Bxa3 Bd5 44. Nd4 Bc4 45. Kf2 Kf6 46. Bb2 Ke7 47. Ne2 g5 48. h4 gxh4 49. Nxf4 b4 50. Ng6+ Ke6 51. Nxh4 Bd3 52. Ke3 Bf1 53. g4 Kd5 54. Kf4 b3 55. Kg5 Ke6 56. f4 Bd3 57. f5+ Kf7 58. Kf4 Ke7 59. g5 Kd6 60. Nf3 Ke7 61. Ne5 Bc2 62. g6 Kf6 63. Ng4+ Ke7 64. Kg5 Kf8 65. f6 Bd3 66. Ba3+ 1-0

[Event "GER-chT U20"]
[Site "Kiel"]
[Date "2022.07.24"]
[Round "4.2"]
[White "Koll, Linus"]
[Black "Kracht, Raphael"]
[Result "0-1"]
[WhiteElo "2033"]
[BlackElo "2045"]
[PlyCount "46"]
[EventDate "2022.07.22"]
[EventType "team-swiss"]
[EventRounds "7"]
[EventCountry "GER"]
[SourceTitle "CBM 209 Extra"]
[Source "ChessBase"]
[SourceDate "2022.09.30"]
[SourceVersion "1"]
[SourceVersionDate "2022.09.30"]
[SourceQuality "1"]
[WhiteTeam "Karlsruhe SF"]
[BlackTeam "Brackel"]
[WhiteTeamCountry "GER"]
[BlackTeamCountry "GER"]

1. e4 e5 2. Nf3 Nc6 3. Bc4 Bc5 4. c3 Nf6 5. d3 0-0 6. 0-0 d5 7. exd5 Nxd5 8. Re1 Bg4 9. h3 Bh5 10. Nbd2 Nb6 11. Bb3 Qxd3 12. Nxe5 Qf5 13. Nef3 Rad8 14. Qe2 Qc8 15. Qf1 Nd7 16. Qc4 Rfe8 17. Rxe8+ Rxe8 18. Qd5 Nce5 19. Bd1 c6 20. Qb3 Nd3 21. Bc2 Bxf2+ 22. Kh1 N7c5 23. Qa3 Ne1 0-1

[Event "GER-chT U20"]
[Site "Kiel"]
[Date "2022.07.23"]
[Round "2.1"]
[White "Holinka, Henning"]
[Black "Kracht, Raphael"]
[Result "1-0"]
[WhiteElo "2251"]
[BlackElo "2045"]
[PlyCount "107"]
[EventDate "2022.07.22"]
[EventType "team-swiss"]
[EventRounds "7"]
[EventCountry "GER"]
[SourceTitle "CBM 209 Extra"]
[Source "ChessBase"]
[SourceDate "2022.09.30"]
[SourceVersion "1"]
[SourceVersionDate "2022.09.30"]
[SourceQuality "1"]
[WhiteTeam "Hamburger SK"]
[BlackTeam "Brackel"]
[WhiteTeamCountry "GER"]
[BlackTeamCountry "GER"]

1. e4 e5 2. Nf3 Nc6 3. Bc4 Bc5 4. d3 Nf6 5. a4 a6 6. 0-0 0-0 7. Nbd2 d5 8. exd5 Nxd5 9. Re1 Bg4 10. Ne4 Be7 11. h3 Bxf3 12. Qxf3 Nd4 13. Qd1 b5 14. Ba2 c6 15. Ng3 Qc7 16. c3 Ne6 17. Nf5 Bf6 18. Qf3 Rad8 19. Re4 Ndf4 20. Bxf4 Nxf4 21. d4 Nd5 22. dxe5 Bxe5 23. Rae1 Bf6 24. Ng3 g6 25. axb5 axb5 26. Bxd5 cxd5 27. Rb4 Qc6 28. Qd3 Rb8 29. Rd1 Rfd8 30. Ne2 h5 31. Nd4 Qe8 32. Nxb5 d4 33. c4 Qc6 34. Ra4 Re8 35. Ra7 Qc5 36. Rd7 Qb4 37. Qf3 Rb6 38. g4 hxg4 39. hxg4 Re1+ 40. Rxe1 Qxe1+ 41. Kg2 Qe6 42. Rd5 d3 43. b3 Kg7 44. Rxd3 Rb8 45. Rd6 Qe5 46. Rd5 Qe7 47. Qe3 Qb4 48. Nc7 Qf8 49. Rd7 Kg8 50. Nd5 Bb2 51. c5 Ra8 52. c6 Kh8 53. c7 Re8 54. Qxe8 1-0

[Event "GER-ch Youth-A"]
[Site "Willingen"]
[Date "2022.06.10"]
[Round "8"]
[White "Pick, Max"]
[Black "Kracht, Raphael"]
[Result "1/2-1/2"]
[WhiteElo "1841"]
[BlackElo "2086"]
[PlyCount "134"]
[EventDate "2022.06.04"]
[EventType "swiss"]
[EventRounds "9"]
[EventCountry "GER"]
[SourceTitle "CBM 208 Extra"]
[Source "ChessBase"]
[SourceDate "2022.07.31"]
[SourceVersion "1"]
[SourceVersionDate "2022.07.31"]
[SourceQuality "1"]

1. e4 e5 2. Nf3 Nc6 3. Bb5 Nf6 4. 0-0 Nxe4 5. Re1 Nd6 6. Bxc6 dxc6 7. Rxe5+ Be7 8. Qe2 Nf5 9. d3 Be6 10. Nc3 Qd7 11. Bf4 0-0-0 12. Ra5 Nd4 13. Nxd4 Qxd4 14. Qe5 Qxe5 15. Rxe5 Bd6 16. Re4 Bf5 17. Rd4 c5 18. Rc4 Be6 19. Re4 b6 20. Bxd6 cxd6 21. Rae1 h6 22. Ne2 g5 23. a3 Kd7 24. Nc3 Rhe8 25. f3 a6 26. Kf2 b5 27. R4e2 Rb8 28. Ne4 Rec8 29. c3 d5 30. Nf6+ Kd6 31. Rd2 a5 32. d4 c4 33. g4 b4 34. axb4 axb4 35. Ra1 Ke7 36. Nh5 Ra8 37. Rxa8 Rxa8 38. cxb4 Rb8 39. Ng3 Rxb4 40. Ne2 Kd6 41. Nc3 Kc6 42. Ke3 f6 43. Kf2 Bf7 44. Ke3 Bg6 45. Kf2 Kd6 46. Ke3 Rb8 47. Kf2 Ra8 48. Ke3 Kc6 49. Kf2 Bd3 50. Ke3 f5 51. Kf2 Ra1 52. Rd1 Ra8 53. Rd2 Rf8 54. Ke3 Rf7 55. h3 Ra7 56. Kf2 Ra8 57. Kg3 Rf8 58. Rf2 f4+ 59. Kg2 Re8 60. Rd2 Re1 61. Rd1 Re7 62. Kf2 Rb7 63. Rd2 Kd6 64. Ke1 Rb8 65. Kf2 Kc6 66. Ke1 Rd8 67. Kf2 Rb8 1/2-1/2

[Event "GER-ch Youth-A"]
[Site "Willingen"]
[Date "2022.06.08"]
[Round "5"]
[White "Kracht, Raphael"]
[Black "Fuchs, Florian1111"]
[Result "1-0"]
[WhiteElo "2086"]
[BlackElo "1920"]
[PlyCount "59"]
[EventDate "2022.06.04"]
[EventType "swiss"]
[EventRounds "9"]
[EventCountry "GER"]
[SourceTitle "CBM 208 Extra"]
[Source "ChessBase"]
[SourceDate "2022.07.31"]
[SourceVersion "1"]
[SourceVersionDate "2022.07.31"]
[SourceQuality "1"]

1. e4 c5 2. d4 cxd4 3. c3 e5 4. Nf3 Nc6 5. Bc4 Nf6 6. Ng5 d5 7. exd5 Nxd5 8. Qf3 Be6 9. 0-0 Qd7 10. Nxe6 fxe6 11. Nd2 Qf7 12. Qg3 Be7 13. Ne4 0-0 14. Bg5 Na5 15. Bd3 Nf4 16. Rad1 Nxd3 17. Rxd3 Bxg5 18. Qxg5 Qf5 19. Re1 Qxg5 20. Nxg5 Nc4 21. cxd4 Rfd8 22. b3 Na5 23. Nxe6 Rd6 24. d5 Rc8 25. h4 Rc2 26. Rf3 h5 27. Rf8+ Kh7 28. Rxe5 Rxa2 29. Rxh5+ Kg6 30. Nf4# 1-0

[Event "GER-ch Youth-A"]
[Site "Willingen"]
[Date "2022.06.07"]
[Round "4"]
[White "Jenner, Meikel"]
[Black "Kracht, Raphael"]
[Result "1-0"]
[WhiteElo "1981"]
[BlackElo "2086"]
[PlyCount "91"]
[EventDate "2022.06.04"]
[EventType "swiss"]
[EventRounds "9"]
[EventCountry "GER"]
[SourceTitle "CBM 208 Extra"]
[Source "ChessBase"]
[SourceDate "2022.07.31"]
[SourceVersion "1"]
[SourceVersionDate "2022.07.31"]
[SourceQuality "1"]

1. e4 e5 2. Bc4 Nf6 3. Nf3 Nc6 4. Ng5 Bc5 5. Bxf7+ Ke7 6. Bb3 Rf8 7. 0-0 d6 8. Nc3 Qe8 9. Nd5+ Kd8 10. d3 h6 11. Nf3 Qh5 12. Ne3 g5 13. c3 g4 14. Ne1 Bb6 15. N1c2 Bd7 16. Kh1 Qh4 17. Qe1 Nh5 18. Bd2 Ne7 19. g3 Qf6 20. Qe2 Qf3+ 21. Qxf3 gxf3 22. d4 Ng6 23. Nc4 Bh3 24. Nxb6 axb6 25. Rfd1 exd4 26. Nxd4 Nf6 27. Bxh6 Nxe4 28. Bxf8 Nxf2+ 29. Kg1 Nxd1 30. Rxd1 Nxf8 31. Nxf3 Ra5 32. Rd5 Ra8 33. Ng5 Bd7 34. h4 Ng6 35. Nf7+ Ke7 36. h5 Nf8 37. Rd2 Ra5 38. h6 Bg4 39. Rf2 d5 40. Ng5 d4 41. h7 Ng6 42. Nf7 dxc3 43. bxc3 Rc5 44. Bc2 Rxc3 45. Bxg6 Bf3 46. Rxf3 1-0

[Event "Reykjavik Kvika op"]
[Site "Reykjavik"]
[Date "2022.04.07"]
[Round "2"]
[White "Kracht, Raphael"]
[Black "Clarke, Brandon GI"]
[Result "0-1"]
[WhiteElo "2101"]
[BlackElo "2436"]
[PlyCount "82"]
[EventDate "2022.04.06"]
[EventType "swiss"]
[EventRounds "9"]
[EventCountry "ISL"]
[SourceTitle "CBM 207 Extra"]
[Source "ChessBase"]
[SourceDate "2022.05.31"]
[SourceVersion "1"]
[SourceVersionDate "2022.05.31"]
[SourceQuality "1"]

1. e4 c5 2. d4 cxd4 3. c3 dxc3 4. Nxc3 Nc6 5. Nf3 e6 6. Bc4 Bb4 7. 0-0 Nge7 8. Qc2 Ng6 9. Rd1 0-0 10. Be3 b6 11. a3 Bxc3 12. bxc3 Qc7 13. a4 Bb7 14. Bb5 d5 15. Bxc6 Bxc6 16. exd5 Bxd5 17. Nd4 Rfc8 18. Nb5 Qc6 19. f3 a6 20. Na3 b5 21. axb5 axb5 22. Rdc1 Ra4 23. Qb2 Bxf3 24. Qxb5 Bxg2 25. c4 Qf3 26. Qg5 f6 27. Qg3 Ne5 28. Qxf3 Bxf3 29. c5 Bd5 30. h3 g5 31. Nb5 Rh4 32. Nd6 Rb8 33. Rcb1 Rxb1+ 34. Rxb1 Rxh3 35. Rb8+ Kg7 36. Bd2 Nf3+ 37. Kg2 Rh2+ 38. Kg3 Rxd2 39. Ne8+ Kg6 40. Nd6 Ng1 41. Rg8+ Kh5 0-1

[Event "GER-chT U20"]
[Site "Willingen"]
[Date "2021.06.27"]
[Round "7"]
[White "Kololli, Martin"]
[Black "Kracht, Raphael"]
[Result "1-0"]
[WhiteElo "2316"]
[BlackElo "2109"]
[PlyCount "75"]
[EventDate "2021.06.24"]
[EventType "team-swiss"]
[EventRounds "7"]
[EventCountry "GER"]
[SourceTitle "CBM 203 Extra"]
[Source "ChessBase"]
[SourceDate "2021.09.30"]
[SourceVersion "1"]
[SourceVersionDate "2021.09.30"]
[SourceQuality "1"]
[WhiteTeam "Luebeck"]
[BlackTeam "Brackel"]
[WhiteTeamCountry "GER"]
[BlackTeamCountry "GER"]

1. f4 Nh6 2. Nf3 d5 3. g3 c5 4. Bg2 Nc6 5. 0-0 Bg4 6. c4 d4 7. d3 g6 8. Ne5 Nxe5 9. fxe5 Qd7 10. Qb3 Rb8 11. e6 Bxe6 12. Bf4 Rd8 13. Qxb7 Qxb7 14. Bxb7 Bc8 15. Bg2 Bd7 16. Nd2 f5 17. Bc7 Ng4 18. Bxd8 Kxd8 19. Bf3 Ne3 20. Rfc1 h5 21. b4 cxb4 22. a3 Bh6 23. axb4 Ng4 24. Rc2 h4 25. Nf1 hxg3 26. hxg3 Be3+ 27. Kg2 Nf2 28. Rxa7 Rh1 29. c5 f4 30. Rxd7+ Kxd7 31. c6+ Kc7 32. b5 Rh8 33. gxf4 Nh3 34. Nxe3 dxe3 35. Kg3 g5 36. b6+ Kxb6 37. c7 gxf4+ 38. Kg2 1-0

[Event "GER-chT School WK 2"]
[Site "Playchess.com INT"]
[Date "2020.06.08"]
[Round "1.2"]
[White "Kracht, Raphael"]
[Black "Rittel, Lio Eric"]
[Result "1-0"]
[WhiteElo "2013"]
[BlackElo "1625"]
[PlyCount "107"]
[EventDate "2020.06.08"]
[EventType "team-swiss (blitz)"]
[EventRounds "7"]
[EventCountry "GER"]
[SourceTitle "EXT 2021"]
[Source "ChessBase"]
[SourceDate "2020.10.23"]
[SourceVersion "1"]
[SourceVersionDate "2020.10.23"]
[SourceQuality "1"]
[WhiteTeam "Bad Krozingen Max Planck"]
[BlackTeam "Leibniz Gymn"]
[WhiteTeamCountry "GER"]
[BlackTeamCountry "GER"]

1. e4 d5 2. exd5 Nf6 3. d4 Bg4 4. Bb5+ c6 5. dxc6 Nxc6 6. Nf3 e6 7. h3 Bh5 8. c3 Bd6 9. Be3 Qc7 10. 0-0 0-0 11. Nbd2 a6 12. Bd3 Bg6 13. Bxg6 hxg6 14. Re1 b5 15. Rc1 Rac8 16. Ng5 Bf4 17. Nge4 Nd5 18. Bxf4 Qxf4 19. Qf3 Na5 20. g3 Qxf3 21. Nxf3 Nc4 22. Re2 Rfd8 23. Nc5 Nc7 24. Ne5 Nb6 25. h4 Re8 26. Kg2 Kf8 27. Ned7+ Nxd7 28. Nxd7+ Ke7 29. Nc5 a5 30. b3 Nd5 31. a3 Rb8 32. Rec2 Rec8 33. c4 bxc4 34. bxc4 Nf6 35. Kf3 Nd7 36. Nxd7 Kxd7 37. Ke4 f5+ 38. Kd3 Rb3+ 39. Rc3 Rb2 40. R1c2 Rb1 41. Ke3 Rcb8 42. d5 exd5 43. cxd5 R1b3 44. Kd4 Rxc3 45. Rxc3 Rb2 46. Rc6 Rxf2 47. Rxg6 Rd2+ 48. Kc5 Rc2+ 49. Kb5 Rc3 50. a4 Rd3 51. Rxg7+ Kd6 52. Kc4 Ra3 53. Rg6+ Ke5 54. Re6# 1-0

[Event "Gibraltar U16 op"]
[Site "Caleta"]
[Date "2019.08.17"]
[Round "3"]
[White "Kracht, Raphael"]
[Black "Krivenko, Dion"]
[Result "1/2-1/2"]
[WhiteElo "2072"]
[BlackElo "1810"]
[PlyCount "85"]
[EventDate "2019.08.16"]
[EventType "swiss"]
[EventRounds "6"]
[EventCountry "GGB"]
[SourceTitle "CBM 195 Extra"]
[Source "ChessBase"]
[SourceDate "2020.05.31"]
[SourceVersion "1"]
[SourceVersionDate "2020.05.31"]
[SourceQuality "1"]

1. e4 c5 2. d4 cxd4 3. c3 Nf6 4. e5 Nd5 5. Nf3 Nc6 6. Bc4 e6 7. cxd4 d6 8. 0-0 Be7 9. a3 0-0 10. Qe2 Bd7 11. Re1 Rc8 12. b4 Qb6 13. Bb2 Nf4 14. Qd2 Nxe5 15. dxe5 Rxc4 16. Bd4 Rxd4 17. Nxd4 dxe5 18. Nf3 Bc6 19. Qe3 Qxe3 20. fxe3 Nh3+ 21. gxh3 Bxf3 22. Nd2 Bc6 23. Nc4 e4 24. Rac1 f5 25. Red1 Bg5 26. Re1 Bf6 27. Na5 Bd5 28. Re2 Bd8 29. Rc8 Bxa5 30. Rxf8+ Kxf8 31. bxa5 a6 32. Rc2 Bc6 33. Kf2 g5 34. h4 h6 35. hxg5 hxg5 36. Kg3 Ke7 37. h4 gxh4+ 38. Kxh4 Kf6 39. Kg3 Ke5 40. Rd2 Bd5 41. Rc2 Bc6 42. Rd2 Bd5 43. Rc2 1/2-1/2